Представление документа в формате RUSMARC

ПолеНазваниеЗначение
  Тип записи i
  Библиографический уровень m
001 Контрольный номер RU/IS/BASE/481983601
005 Дата корректировки 20240410121222.9
010 Индекс ISBN __
a ISBN 978-5-9677-1586-0 (в кор.)
d Цена 204-75
100 Данные общей обработки __
a Данные общей обработки 19150410d2011||||||| 0rusy0189 ca
101 Язык документа 0_
a Язык текста rus
102 Страна публикации __
a Страна публикации ru
105 Кодированные данные (монография) __
a Кодированные данные (монография) an|||||||f|zy
127 Кодированные данные (звукозаписи-физические характеристики) __
a Продолжительность проигрывания 2 ч 09 мин
200 Заглавие и сведения об ответственности 1_
a Заглавие Гуттаперчевый мальчик
e Сведения, относящиеся к заглавию повесть : [аудиокнига : 6+]
f Первые сведения об ответственности Д. В. Григорович ; [читает Д. Кинге]
b Общее обозначение материала Звукозапись
210 Выходные данные 1_
a Место издания Москва
c Издательство 1С-Паблишинг
c Издательство Дистрибутор
d Дата издания 2011
215 Физическое описание __
a Объем 1 электрон. опт. диск (Audio CD)
c Иллюстрации/тип воспроизводства mp3, stereo
d Формат 12х14 см
230 Специфическая характеристика материала: электронные ресурсы __
a Обозначение и объем ресурса Электронные звуковые данные
323 Примечание о главных создателях, исполнителях, участниках __
a Примечание о главных создателях, исполнителях, участниках Кинге, Д. (читает)
330 Аннотация __
a Аннотация Замечательная повесть известного русского писателя Дмитрия Васильевича Григоровича. Это трогательная история бедного мальчика-сироты, которого отдали в учение к немцу-акробату - человеку грубому и безжалостному. Трагическая участь маленького циркача никого не оставит равнодушным: не сопереживать ему просто невозможно. Автор описывает злоключения сиротки живо и достоверно, как это и свойственно было творческой манере писателя-реалиста. Повесть учит доброте, умению сострадать чужим несчастьям, верному пониманию справедливости.
333 Примечание о целевом назначении __
a Примечание о целевом назначении 6+. Для детей старше шести лет
337 Примечание о системных требованиях (электронные ресурсы) __
a Примечание о системных требованиях (электронные ресурсы) Системные требования: CD-плеер с поддержкой MP3, или Pentium-100 c MS Windows ; CD-ROM ; звуковая карта
606 Тематические рубрики __
a Основная рубрика Художественная литература
606 Тематические рубрики __
a Основная рубрика Русская литература XIX в. (произведения)
610 Ключевые слова 0_
a Ключевые слова детская классическая литература
a Ключевые слова детская литература
a Ключевые слова повести
a Ключевые слова тема детей
a Ключевые слова тема дореволюционной России
a Ключевые слова тема сиротства
a Ключевые слова тема сострадания
a Ключевые слова тема справедливости
a Ключевые слова тема цирка
686 Индексы других классификаций __
2 Код системы rubbks
a Классификационный индекс ст84(2Рос=Рус)1-4я0
700 Автор _1
a Фамилия Григорович
b Имя Д. В.
f Даты 1822-1899
g Полное личное имя Дмитрий Васильевич
4 Код отношения 070
801 Источник записи _0
a Страна ru
b Организация Муниципальное бюджетное учреждение культуры "Централизованная библиотечная система" г. Сургут (Центральная городская библиотека им. А. С. Пушкина)
c Дата составления 20150410
g Правила каталогизации КиК/Апакова
801 Источник записи _1
a Страна ru
b Организация Муниципальное бюджетное учреждение культуры "Централизованная библиотечная система" г. Сургут (Центральная городская библиотека им. А. С. Пушкина)
c Дата составления 20150410
g Правила каталогизации КиК/Апакова
852 Данные о местонахождении __
j Шифр хранения ст84(2Рос=Рус)1-4я0
i Авторский знак Г 83
901 Тип документа __
t Тип документа 0
903 Характеристики (МАРС) __
a Дата передачи 20150410
969 Тип издания __
a Тип издания аудиокнига; издание для детей; издание для слепых
990 Данные о заказе (DOS) __
j Количество экземпляров (DOS) 6
t N записи в КСУ для И/У (DOS) 201504